Texture method of studying the resistance properties of disperse-filled elastomers; Russian Physics Journal; Vol. 43, iss. 10

Bibliografske podrobnosti
Parent link:Russian Physics Journal
Vol. 43, iss. 10.— 2000.— [P. 850-853]
Glavni avtor: Minakova N. N.
Drugi avtorji: Karpov S. A., Ushakov V. Ya. Vasily Yakovlevich
Izvleček:Title screen
A texture method of estimating the resistance properties of carbon-black–filled elastomers is suggested and tested. It is demonstrated that the entropy of a texture parameter histogram can be used to identify regularities in the structure formation of filled composite materials and to describe quantitatively their resistance properties.
Режим доступа: по договору с организацией-держателем ресурса
Jezik:angleščina
Izdano: 2000
Teme:
Online dostop:http://dx.doi.org/10.1023/A:1009428615903
Format: Elektronski Book Chapter
KOHA link:https://koha.lib.tpu.ru/cgi-bin/koha/opac-detail.pl?biblionumber=655629

MARC

LEADER 00000naa0a2200000 4500
001 655629
005 20250321164035.0
035 |a (RuTPU)RU\TPU\network\21888 
035 |a RU\TPU\network\12262 
090 |a 655629 
100 |a 20170919d2000 k||y0rusy50 ba 
101 0 |a eng 
135 |a drcn ---uucaa 
181 0 |a i  
182 0 |a b 
200 1 |a Texture method of studying the resistance properties of disperse-filled elastomers  |f N. N. Minakova, S. A. Karpov, V. Ya. Ushakov 
203 |a Text  |c electronic 
300 |a Title screen 
320 |a [References: p. 828 (11 tit.)] 
330 |a A texture method of estimating the resistance properties of carbon-black–filled elastomers is suggested and tested. It is demonstrated that the entropy of a texture parameter histogram can be used to identify regularities in the structure formation of filled composite materials and to describe quantitatively their resistance properties. 
333 |a Режим доступа: по договору с организацией-держателем ресурса 
461 |t Russian Physics Journal 
463 |t Vol. 43, iss. 10  |v [P. 850-853]  |d 2000 
610 1 |a электронный ресурс 
610 1 |a труды учёных ТПУ 
610 1 |a углерод 
610 1 |a эластомеры 
610 1 |a энтропия 
610 1 |a композиционные материалы 
610 1 |a сопротивление 
700 1 |a Minakova  |b N. N. 
701 1 |a Karpov  |b S. A. 
701 1 |a Ushakov  |b V. Ya.  |c specialist in the field of electric power engineering  |c Professor of Tomsk Polytechnic University, Doctor of technical sciences  |f 1939-  |g Vasily Yakovlevich  |3 (RuTPU)RU\TPU\pers\29718  |9 14212 
801 2 |a RU  |b 63413507  |c 20170919  |g RCR 
856 4 0 |u http://dx.doi.org/10.1023/A:1009428615903 
942 |c CF